| 000 | 00944nam a2200241 a 4500 | ||
|---|---|---|---|
| 001 | 000022407 | ||
| 005 | 20240306073910.0 | ||
| 008 | 101008s2008 dr 001 0 spa d | ||
| 020 | _a9789590611155 | ||
| 040 |
_aDO-SdBNP _bspa _cBNPHU |
||
| 082 |
_a261.1 _bT693h |
||
| 100 | 1 |
_aCuebas Torres, Eduardo _946202 |
|
| 245 | 1 | 0 |
_aHistoria de la iglesia católica en Cuba : _bla iglesia en las patrias de los criollos (1516-1789) / _cEduardo Torres Cuebas, Edelberto Leiva Lajara ; prólogo José Martí. |
| 260 |
_aLa Habana, : _bInstituto Cubano del Libro _bEditorial Ciencias Sociales, _c2008. |
||
| 300 |
_a479 p. ; _c28 cm. |
||
| 504 | _aBibliografía : p. 474-479 | ||
| 590 | _aLa biblioteca posee 1 ejemplar autografiado por el autor | ||
| 650 | 4 |
_aIglesia católica _91307 |
|
| 651 | 4 |
_aCuba _xHistoria _yIGLESIA CATÓLICA _946203 |
|
| 700 | 1 |
_aLeiva Lajara, Edelberto _946204 |
|
| 700 | 1 |
_aMartí, José, _d1853-1895 _9645 |
|
| 049 | _aBNPD | ||
| 999 |
_c21905 _d21905 |
||